000 00753nam a2200253 i 4500
001 bg
100 1 _aTERELAK, Jan Feliks
_d(1942- )
245 1 0 _aPsychologia organizacji i zarządzania /
_cJan F. Terelak.
260 _aWarszawa :
_b"Difin",
_c2005.
300 _a414 s. ;
_c24 cm.
504 _aBibliogr.
650 9 _aOrganizacja
_xpsychologia
650 9 _aZarządzanie
_xpsychologia
650 9 _aStres
_xpsychologia
655 _aPodręczniki
020 _a8372514852
040 _cBPK
041 0 _apol
080 _a65.013:159.9](07)
920 _a83-7251-485-2
942 _cKS
008 s pl f |000 0 pol
999 _c45316
_d45316
856 _uhttp://koha.tu.koszalin.pl/cgi-bin/koha/opac-detail.pl?biblionumber=45316
_yKatalog online BPK